000 00668nam a2200217Ii 4500
003 JO-AjNU
008 230606s9999||||xx |||||||||||||| ||und||
020 _a981-3026-99-5
040 _aJO-AjNU
_beng
_erda
_cJO-AjNU
041 _aeng
050 1 4 _aHF5635 1994
100 3 _a Lee, Tat-man/ Lee, Brian C. L. ,
_eauthor
_93076
245 0 0 _aPrinciples of Accounting for Non-Accounting Professionals
250 _a1 ed
264 3 1 _aNew York : Prentice Hall,1994
300 _a256p
_b Includes indexes(pages 253-256)
336 _atext
_btxt
_2rdacontent
337 _aunmediated
_bn
_2rdamedia
338 _avolume
_bnc
_2rdacarrier
650 4 _aAccounting
_93077
999 _aE1613
_c1613
_d1613